Bitcoin Transaction Fees, Miners' Revenue, Concentration and Electricity Consumption: A Failing Ecosystem
Štúdia poskytuje významné politické a regulačné dôsledky pre Bitcoin konkrétne a celý krypto priemysel vo všeobecnosti. Bitcoin a jeho dlhodobá udržateľnosť. Uhlíková stopa Bitcoinu a negatívny vplyv Bitcoinu na životné prostredie. Motivácia baníkov k využívaniu čistých zdrojov energie.
Gespeichert in:
| 1. Verfasser: | |
|---|---|
| Weitere Verfasser: | , , , |
| Format: | Buchkapitel |
| Sprache: | Englisch |
| Schlagworte: | |
| Tags: |
Keine Tags, Fügen Sie das erste Tag hinzu!
|
MARC
| LEADER | 00000naa a2200000 4500 | ||
|---|---|---|---|
| 001 | 0291014 | ||
| 005 | 20230210110813.4 | ||
| 041 | 0 | |a eng | |
| 044 | |a CZ | ||
| 245 | 1 | 0 | |a Bitcoin Transaction Fees, Miners' Revenue, Concentration and Electricity Consumption: A Failing Ecosystem |c Frederik Rech |
| 520 | |a Štúdia poskytuje významné politické a regulačné dôsledky pre Bitcoin konkrétne a celý krypto priemysel vo všeobecnosti. Bitcoin a jeho dlhodobá udržateľnosť. Uhlíková stopa Bitcoinu a negatívny vplyv Bitcoinu na životné prostredie. Motivácia baníkov k využívaniu čistých zdrojov energie. | ||
| 610 | 2 | 0 | |a mena virtuálna |
| 610 | 2 | 0 | |a poplatky |
| 610 | 2 | 0 | |a výnosy |
| 610 | 2 | 0 | |a spotreba energie |
| 610 | 2 | 0 | |a elektrina |
| 610 | 2 | 0 | |a baníctvo |
| 610 | 2 | 0 | |a ekosystémy |
| 610 | 2 | 0 | |a udržateľnosť |
| 610 | 2 | 0 | |a prostredie životné |
| 100 | 1 | |a Rech, Frederik | |
| 700 | 1 | |a Yan, Chen | |
| 700 | 1 | |a Bagonza, Amon | |
| 700 | 1 | |a Pintér, Ľubomír | |
| 700 | 1 | |a Musa, Hussam | |